Memorias de una vaca / (Registro nro. 9867)

Detalles MARC
000 -LIDER
fixed length control field 00967nam a22003135b 4500
001 - NÚMERO DE CONTROL
Identificador de número de control bimo0002218387
003 - IDENTIFICACDOR DE NÚMERO DE CONTROL
control field SpMaBN
005 - DATE AND TIME OF LATEST TRANSACTION
control field 20180220141331.0
008 - ELEMENTOS DE LONGITUD FIJA
fixed length control field 940405s1993 sp | |||| ||spa
016 7# - NO. DE CONTROL DE LA AGENCIA BIB. NACIONAL
Record control number bimoBNE19940090032
Source SpMaBN
017 ## - NÚMERO DE REGISTRO DE DERECHOS DE AUTOR
Copyright or legal deposit number M 14493-1993
Assigning agency Oficina Depósito Legal Madrid
020 ## - ISBN
International Standard Book Number 8434840472
035 ## - NÚMERO LOCAL
System control number (OCoLC)434364971
040 ## - FUENTE DE CATALOGACIÓN
Agencia que crea de manera original el registro SpMaBN
Idioma de catalogación spa
Agencia que realiza la transcripción SpMaBN
Convenciones de la despripción rdc
041 1# - CÓDIGOS DE OBRAS TRADUCIDAS O EN VARIOS IDIOMAS
Código del idioma del texto/archivo de sonido o separata spa
Cód. del idioma original y/o traducciones intermedias del texto baq
080 #0 - NÚMERO DE CLASIFICACIÓN DECIMAL UNIVERSAL
Universal Decimal Classification number 087.5:82
100 1# - ASIENTO PRINCIPAL -- NOMBRE PERSONAL
Nombre personal Atxaga, Bernardo
Fechas asociadas con el nombre 1951-
240 10 - TITULO UNIFORME
Título uniforme Behi euskaldun baten memoriak
Idioma de una obra español
245 10 - MENCIÓN DE TITULO
Título Memorias de una vaca /
Mención de responsabilidad Bernardo Atxaga ; traducción Aránzazu Sabán
Medio (Designación general de material)
250 ## - MENCIÓN DE EDICION
Mención de edición 6ª ed.
260 ## - PUBLICACIÓN, DISTRIBUCIÓN, ETC. (PIE DE IMPRENTA)
Lugar de publicación, distribución, etc Madrid :
Nombre del editor, distribuidor, etc. SM,
Fecha de publicación, distribución, etc 1993
300 ## - DESCRIPCIÓN FÍSICA
Extensión 170 p. ;
Dimensiones 19 cm
490 ## - MENCIÓN DE SERIES
Mención de serie El barco de vapor.
-- Serie roja
Volume/sequential designation 72
700 1# - ASIENTO SECUNDARIO -- NOMBRE PERSONAL
Nombre personal Sabán, Arantxa
Mención de responsabilidad tr.
830 ## - ASIENTO SECUNDARIO DE SERIE--TÍTULO UNIFORME
Título uniforme El barco de vapor
Nombre de la parte o sección de una obra Serie roja
Volume number/sequential designation 72
942 ## - ADDED ENTRY ELEMENTS (KOHA)
Source of classification or shelving scheme Dewey Decimal Classification
Koha item type Libros
945 ## - INFORMACIÓN DE PROCESAMIENTO LOCAL
Información de procesamiento local Inventariado, 2018 / BT
956 ## - LOCAL ELECTRONIC LOCATION AND ACCESS (OCLC)
Nombre de host VMATEO
Método de acceso 10
Materiales especificados 20160420
Enlace BPMSU
Existencias
Withdrawn status Lost status Source of classification or shelving scheme Damaged status Not for loan Collection code Home library Current library Date acquired Source of acquisition Total Checkouts Barcode Date last seen Price effective from Koha item type
    Dewey Decimal Classification     Colección Infantil General Biblioteca Pública Metropolitana Salomé Ureña Biblioteca Pública Metropolitana Salomé Ureña 04/20/2016 FUNDI   BPMSU16040594 04/20/2016 04/20/2016 Libros